Finalistes de la coupe du monde de football - Statistiques

Statistiques générales
  • Ce quiz a été pris 118 fois
  • Le résultat moyen est 14 sur 21
Statistiques - réponses
Année Finalistes % Correct
2018 France - Croatie
97%
1998 France - Brésil
94%
1990 Allemagne - Argentine
89%
2014 Allemagne - Argentine
89%
2006 Italie - France
85%
2010 Espagne - Pays-Bas
84%
2002 Brésil - Allemagne
83%
1970 Brésil - Italie
76%
1994 Brésil - Italie
76%
1982 Italie - Allemagne
68%
1950 Uruguay - Brésil
67%
1966 Angleterre - Allemagne
60%
1986 Argentine - Allemagne
60%
1930 Uruguay - Argentine
57%
1958 Brésil - Suède
55%
1978 Argentine - Pays-Bas
53%
1974 Allemagne - Pays-Bas
46%
1954 Allemagne - Hongrie
40%
1938 Italie - Hongrie
31%
1962 Brésil - Tchécoslovaquie
26%
1934 Italie - Tchécoslovaquie
25%
Aucun quiz correspondant
Distribution des résultats
% des personnes avec chaque résultat
Percentile par nombre de réponses
Votre historique - résultats
Vous n’avez pas pris ce quiz